000 00357cam a22001097a 4500
008 180718b1938 xxu||||| |||| 00| 0 eng d
082 _aG5x54 In2c
245 _aManual of business and procedure in the council of state
_cby Legislative Department
260 _aDelhi
_bManager of Publications
_c1938
300 _a149+p
700 _aIndia. Legislative Department
999 _c396901
_d396901